00451cam a2200109 4500008004100000035001200041050002600053245007000079260009500149300002100244650007600265050209s1992 mx 000 0 spa u aa44368600aHD9506 .M4 bR45 199200aRegistro de las primeras minas de Guanajuato y Comanja 1556-1557. a[Guanajuato, Gto., Mex.] :bArchivo General del Gobierno del Estado de Guanajuato, c1992. a152 p. ;c23 cm. 4aMinas y recursos minerales zMéxico zGuanajuato xHistoria vFuentes